O úlohách mestskej samosprávy
Rámcový plán činnosti samosprávy hlavného mesta SR Bratislavy v období september 1997 - jún 1998. Prijatie všeobecných záväzných nariadení. Priority rozpočtu na r.1998. Oblasť verejného poriadku a požiarnej ochrany. Dopravné služby a komunálna bytová výstavba. Cestné hospodárstvo. Tvorba odvetvových...
Guardado en:
| Formato: | Capítulo de libro |
|---|---|
| Lenguaje: | eslovaco |
| Materias: | |
| Etiquetas: |
Sin Etiquetas, Sea el primero en etiquetar este registro!
|
MARC
| LEADER | 00000naa a2200000 4500 | ||
|---|---|---|---|
| 001 | r028147 | ||
| 005 | 20230825075824.9 | ||
| 041 | 0 | |a slo | |
| 044 | |a SK | ||
| 245 | 1 | 0 | |a O úlohách mestskej samosprávy |
| 520 | |a Rámcový plán činnosti samosprávy hlavného mesta SR Bratislavy v období september 1997 - jún 1998. Prijatie všeobecných záväzných nariadení. Priority rozpočtu na r.1998. Oblasť verejného poriadku a požiarnej ochrany. Dopravné služby a komunálna bytová výstavba. Cestné hospodárstvo. Tvorba odvetvových generelov. Životné prostredie. Rozvoj bývania a sociálnych vecí. | ||
| 610 | 2 | 0 | |a Bratislava |
| 610 | 2 | 0 | |a samospráva |
| 610 | 2 | 0 | |a 1997-1998 |
| 610 | 2 | 0 | |a plán práce |
| 610 | 2 | 0 | |a rozpočet miestny |